000 00280nam a2200109Ia 4500
008 200302s9999 xx 000 0 und d
100 _aLe corbusier and Other
245 _aRestoration of clarte building, geneva
260 _bBirkhauser Verlag Gmbh
260 _c2016
300 _a175
999 _c6205
_d6205